Paroles-Je voudrais un bonhomme de neige (la reine des neiges) - Statistiques

Statistiques générales
  • Ce quiz a été pris 370 fois
  • Le résultat moyen est 106 sur 148
Statistiques - réponses
Réponse % Correct
bonhomme
100%
de
100%
Je
100%
je
100%
ne
100%
un
100%
neige
99%
voudrais
99%
a
98%
à
98%
moi
94%
t
93%
ou
91%
avec
90%
Elsa
90%
jouer
89%
pour
88%
et
85%
se
83%
me
81%
tu
80%
Tu
80%
la
77%
que
76%
plus
75%
ces
74%
en
74%
mais
73%
pourquoi
73%
Pourquoi
73%
te
73%
nous
72%
toi
72%
suis
71%
viens
70%
j'ai
69%
fini
68%
dans
67%
on
67%
c'est
66%
cour
66%
savoir
66%
amies
65%
etions
65%
le
65%
qui
65%
soeurs
65%
n'es
64%
voit
64%
j'aimerais
63%
manque
63%
seule
63%
vraiment
63%
compagnie
62%
fais
61%
une
61%
du
60%
Salut
60%
vélo
60%
d'Arc
59%
Jeanne
59%
parle
59%
faire
58%
fille
58%
Pense
58%
aux
57%
dis
57%
les
57%
murs
55%
m'ennuie
53%
caches
52%
heures
51%
m'entourent
51%
j'attends
50%
passent
50%
restes
48%
glace
46%
portraits
46%
dit
45%
Anna
43%
enfermée
41%
porte
41%
oh
40%
Va
39%
tout
38%
besoin
37%
temps
36%
cette
35%
ouvrir
35%
oublier
33%
quel
33%
arrange
32%
avenir
32%
personne
32%
Peux
32%
famille
31%
n'avons
31%
aucune
30%
forte
29%
sois
28%
Aucun quiz correspondant
Distribution des résultats
% des personnes avec chaque résultat
Percentile par nombre de réponses
Votre historique - résultats
Vous n’avez pas pris ce quiz